000 00244nam a22001097a 4500
020 _a9788184405057
082 _aK895
100 _aKALARTHI, MUKUL
245 _aJIVANPRASANGMALA - 4 - SHREE RAMKRISHANA PARAMHANSNA
300 _a68P
942 _cBK
999 _c2289
_d2289